00561mam a22001331i 4500082001200000245010500012260003500117300004500152500008800197650001400285942000700299999001500306952010600321 a540 CHE10aChemistry at the centenary (1931) meeting of the British Association for the Advancement of Science. aCambridge :bW. Heffer,c1932. axi, 272 p., [1] leaf of plates :bill. ; a"Constitutes the only complete record of the Proceedings of the Chemistry Section." 0aChemistry cBK c1057d1057 0010708NFICaICbICcGENd2015-06-10l0o540 CHEp005329r2015-06-10 00:00:00w2015-06-10yBINDING